00447nam a2200181 a 4500001001300000003000900013005001700022008004100039020000800080082001600088100001400104245002700118260004000145500003500185505001000220650002100230700001400251nice12345678IN_TiNIC20260116011413.0050524s0000 chea grp 000 0 eng  ac000a297.03bKUL aKulaini,  aUsulul-Kafi, Book No.1 aChennai bLilly Soosai Opset c0000 aincludes index and biblioraphy2 aIndex aDictionary-Islam1 aKulaini,